000 00493nam a2200193Ia 4500
005 20240823030810.0
008 240823s9999||||xx |||||||||||||| ||und||
020 _a978-93-80931-17-3
041 _aENGLISH
082 _A629.254 Q1
100 _aWilliam B Ribbens
245 0 _aUnderstanding Automotive Electronics
250 _a6th
260 _c2011
_bEls
_aJapan
500 _aTRANSFERED
650 _aAutomotive Electronics
_bAutomobile Engineering
942 _cBK
999 _c189556
_d189556